Analysis of agriculture subsidy in Haryana (Record no. 393600)

MARC details
000 -LEADER
fixed length control field 00471nam a22001817a 4500
005 - DATE & TIME
control field 20251021155856.0
008 - FIXED-LENGTH DATA ELEMENTS--GENERAL INFORMATION
fixed length control field 251021b |||||||| |||| 00| 0 eng d
040 ## - CATALOGING SOURCE
Original cataloging agency VIVEKANANDA LIBRARY
082 ## - DDC NUMBER
Classification number 338.10954
Book Number S81A
100 ## - MAIN ENTRY--PERSONAL NAME
Personal name Sushma
245 ## - TITLE STATEMENT
Title Analysis of agriculture subsidy in Haryana
260 ## - PUBLICATION, DISTRIBUTION, ETC. (IMPRINT)
Name of publisher, distributor, etc Department of Economics, M D University, Rohtak
Date of publication, distribution, etc 2024
300 ## - PHYSICAL DESCRIPTION
Pages xiv, 214
650 ## - Subject
Subject Economics
650 ## - Subject
Subject Agriculture
700 ## - Added Entry Personal Name
Added Entry Personal Name Rajesh Kumar
942 ## - ADDED ENTRY ELEMENTS (KOHA)
Koha item type Thesis
Holdings
Withdrawn status Lost status Source of classification or shelving scheme Damaged status Not for loan Location (home branch) Sublocation or collection (holding branch) Shelving location Date acquired Koha issues (times borrowed) Koha full call number Accession No. Koha date last seen Copy number Koha item type
    Dewey Decimal Classification     VIVEKANANDA LIBRARY VIVEKANANDA LIBRARY Vivekananda Library 21/10/2025   338.10954 S81A 411169 21/10/2025 R Thesis
© Designed and Maintained by Vivekananda Library, MDU Rohtak